Advanced engineering mathematics

This text aims to provide students in engineering with a sound presentation of post-calculus mathematics. It features numerous examples, many involving engineering applications, and contains all mathematical techniques for ngineering degrees. The book also contains over 5000 exercises, which range f...

Deskribapen osoa

Gorde:
Xehetasun bibliografikoak
Egile nagusia: Wylie, C. Ray
Formatua: Liburua
Hizkuntza:Undetermined
Argitaratua: New York McGraw-Hill 1995
Gaiak:
Etiketak: Etiketa erantsi
Etiketarik gabe, Izan zaitez lehena erregistro honi etiketa jartzen!
Thư viện lưu trữ: Trung tâm Học liệu Trường Đại học Cần Thơ
LEADER 01036nam a2200193Ia 4500
001 CTU_232619
008 210402s9999 xx 000 0 und d
082 |a 515 
082 |b W983 
100 |a Wylie, C. Ray 
245 0 |a Advanced engineering mathematics 
245 0 |c C. Ray Wylie, Louis C. Barrett 
260 |a New York 
260 |b McGraw-Hill 
260 |c 1995 
520 |a This text aims to provide students in engineering with a sound presentation of post-calculus mathematics. It features numerous examples, many involving engineering applications, and contains all mathematical techniques for ngineering degrees. The book also contains over 5000 exercises, which range from routine practice problems to more difficult applications. In addition, theoretical discussions illuminate principles, indicate generalizations and establish limits within which a given technique may or may not be safely used. 
650 |a Toán học,Mathematics 
910 |b dqhieu 
980 |a Trung tâm Học liệu Trường Đại học Cần Thơ